000 01681cam a22004574i 4500
003 PE-LiUPU
005 20250731173125.0
008 150623s r 000 0 d
020 _a080061092X
035 _a(Sirsi) i9780800610920
040 _aPE-LiUPU
_bspa
_cPE-LiUPU
_erda
049 _aPRUA
082 0 4 _a261.873
_bP65
_221
245 0 0 _aPeace-on not leaving it to the pacifists /
_cGerald O. Pedersen.
264 1 _aPhiladelphia, Pa :
_bFortress Press,
_c1975.
300 _a88 páginas ;
_c19 centímetros
336 _atext
_2rdacontent
337 _aunmediated
_2rdamedia
338 _avolume
_2rdacarrier
504 _aIncluye bibliografía.
505 0 _aThe search for peace. Seek peace and pursue it. The concept of peace. Toward a christian position on peace. Psychology and peace. Economics and peace. Politics and peace. On not leaving it to the pacifists. The aggressive pursuit of peace.
526 _aSEG42
526 _aSEG41
526 _aSEG40
526 _aSEG39
526 _aP94
526 _aP87
526 _aP86
526 _aP85
526 _aP77
526 _aP76
526 _aP35
650 0 4 _aPaz
_xEnsayos, conferencias, etc.
700 1 _aPedersen, Gerald O.,
_eed.
942 _2ddc
_cBOOK
949 _a261.873 P65
_wDEWEY
_c1
_i51170
_lCCODEBUL1
_mBUL
_p3.00
_r0
_sY
_tBOOK
_u2015-6-24
_xTEOLOGIA
_PP35
_0COMPRA
_o.STAFF. Colección General
994 _aC0
_bPEPRU
596 _a1
999 _a261.873 P65
_wDEWEY
_c32873
_i51170
_f2021-11-10
_g5
_lCCODEBUL1
_mBUL
_p3.00
_r0
_sY
_tBOOK
_u2015-6-24
_xTEOLOGIA
_PP35
_0COMPRA
_o.STAFF. Colección General
_d32873
980 _81
_gALBERTO SANCHEZ Responsable de Automatización